| 000 | 00631nam a2200229Ia 4500 | ||
|---|---|---|---|
| 003 | GCL | ||
| 008 | 140319s9999 xx 000 0 ara d | ||
| 040 |
_aGCL / _cGCL |
||
| 082 | 0 | 4 |
_a927 _bف ر |
| 100 | 1 | _aفؤاد زكريا | |
| 245 | 1 | 0 |
_aريتشارد فاجنر / _cفؤاد زكريا |
| 300 | _a129 | ||
| 490 |
_aالمكتبة الثقافية _v0 |
||
| 650 | 0 | 4 | _aتاريخ |
| 650 | 0 | 4 | _aالمانيا |
| 650 | 0 | 4 | _aريتشاردس لازاردس |
| 650 | 0 | 4 | _aالموسيقى |
| 650 | 0 | 4 | _aفاجنر |
| 650 | 0 | 4 | _aريتشارد |
| 650 | 0 | 4 | _aالموسيقيون الالمانيون |
| 942 |
_2ddc _cBK |
||
| 999 |
_c41091 _d41091 |
||